000 01508cam a22004578i 4500
999 _c1188
_d1188
001 020712635
003 UkOxU
005 20220808101338.0
008 160905s2016 enkab j 001 0 eng
020 _a9781782097631
_qpaperback.
020 _a1782097635
_qpaperback.
035 _a(OCoLC)ocn957742501
035 _a(OCoLC)957742501
035 _a(StEdNL)8435263
035 _a(UkLoRLUK)708435263
038 _aOCoLC
040 _aSINLB
_beng
_erda
_cSINLB
_dOCLCO
_dOCLCF
_dOCLCO
_dNLE
_dUkOxU
_dKH8
043 _af-ua---
_ae-gr---
_aff-----
_ae------
_aaw-----
049 _lo
049 _aNLES
082 1 4 _a930 MAC
_214
100 1 _aMacdonald, Fiona,
_d1958-
_eauthor.
245 1 0 _aHistory /
_cwritten by Fiona Macdonald, Jane Walker.
246 1 _iOn cover:
_aHistory :
_byour guide to the ancient world
264 1 _aThaxted, Essex :
_bMiles Kelly,
_c2016.
300 _a127 pages :
_bcolor illustrations, color maps ;
_c30 cm
336 _atext
_2rdacontent
336 _astill image
_2rdacontent
337 _aunmediated
_2rdamedia
338 _avolume
_2rdacarrier
490 1 _a300 fantastic facts
500 _aIncludes index.
650 0 _aHistory, Ancient
_vJuvenile literature.
650 0 _aCivilization, Ancient
_vJuvenile literature.
651 0 _aEgypt
_vJuvenile literature.
651 0 _aGreece
_vJuvenile literature.
651 0 _aRome
_vJuvenile literature.
700 1 _aWalker, Jane
_q(Jane Alison),
_eauthor.
830 0 _a300 fantastic facts.
942 _2ddc
_cNFIC